MARC

LEADER 00000nam0a2200000 4500
001 282319
005 20231101235504.0
035 |a (RuTPU)RU\TPU\book\306200 
035 |a RU\TPU\book\306199 
090 |a 282319 
100 |a 20150129d1984 m y0rusy5003 ca 
101 0 |a rus 
102 |a RU 
105 |a a j 001zy 
200 1 |a Статистический эксперимент при анализе точности РЭА  |e учебное пособие  |f Д. А. Кабанов, Ю. Я. Коротков  |g Горьковский политехнический институт имени А. А. Жданова (ГПИ) 
210 |a Горький  |c Изд-во Горьковского политехн. ин-та  |d 1984 
215 |a 66 с.  |c ил.  |d 20 см 
320 |a Библиогр.: с. 64 
606 1 |a Радиоэлектронная аппаратура  |x Точность  |x Статистические методы изучения  |2 stltpush  |3 (RuTPU)RU\TPU\subj\23507  |9 48093 
610 1 |a гипотезы 
610 1 |a проверка 
610 1 |a дисперсионный анализ 
610 1 |a корреляционный анализ 
610 1 |a регрессионный анализ 
610 1 |a оптимальный эксперимент 
610 1 |a математические модели 
610 1 |a составление 
610 1 |a учебные пособия 
675 |a 621.396.6:51(075.8)  |v 4 
700 1 |a Кабанов  |b Д. А.  |g Дмитрий Анатольевич 
701 1 |a Коротков  |b Ю. Я.  |g Юрий Яковлевич 
712 0 2 |a Горьковский политехнический институт имени А. А. Жданова (ГПИ)  |c (1950-1990)  |2 stltpush  |3 (RuTPU)RU\TPU\col\2321 
801 0 |a RU  |b RuMRKP  |c 19950704  |g psbo 
801 1 |a RU  |b 63413507  |c 20150129 
801 2 |a RU  |b 63413507  |c 20170711  |g RCR 
942 |c BK